| 000 | 00357pam a2200157a 44500 | ||
|---|---|---|---|
| 008 | 230515b1984 xxu||||| |||| 00| 0 eng d | ||
| 020 | _aNULL | ||
| 041 | _aENGL | ||
| 082 | _a620.1/KES/HAN | ||
| 100 | _aKESWANI & HANDA | ||
| 245 | _aMECHANICAL ENGINEERING (620.1) | ||
| 250 | _a2 | ||
| 260 |
_aNULL _bSATYA _c1984 |
||
| 300 | _a712 PB | ||
| 650 | _aNULL | ||
| 999 |
_c614917 _d614917 |
||